[Event "XII Open"]
[Site "Balaguer ESP"]
[Date "2007.07.24"]
[Round "9"]
[White "Vehi Bach,V"]
[Black "Kiran,M"]
[Result "1/2-1/2"]
[WhiteElo "2388"]
[BlackElo "2247"]

1.e4 c5 2.Nf3 Nc6 3.d4 cxd4 4.Nxd4 Nf6 5.Nc3 d6 6.Bg5 e6 7.Qd2 a6 8.O-O-O Bd7
9.f3 Be7 10.Be3 b5 11.g4 Rc8 12.g5 Nh5 13.Nxc6 Bxc6 14.Ne2 g6 15.Ng3 d5 16.Nxh5 gxh5
17.Be2 Rg8 18.e5 d4 19.Bf4 d3 20.Qe3 Qa5 21.Bxd3 Qxa2 22.Kd2 Qxb2 23.Rb1 Qa3
24.Ra1 Qb4+ 25.Ke2 Bc5 26.Qd2 Qd4 27.Rhf1 Bb4 28.Qe3 Qxe3+ 29.Bxe3 Bb7 30.f4 Bc3
31.Rab1 Bd5 32.Bxh7 Bc4+ 33.Bd3 Kd7 34.Rg1 Bxd3+ 35.cxd3 b4 36.Bd2 a5 37.Bxc3 Rxc3
38.Ra1 Rc2+ 39.Ke3 Ra8 40.g6 Rcc8 41.g7 b3 42.Rxa5 Rxa5 43.g8=Q Rxg8 44.Rxg8 Rb5
45.Rg1 Rb7 46.Kd4 Rb4+ 47.Kc5 Rxf4 48.Rb1 Rf5 49.d4 Rf3 50.Kc4 Kc6 51.Rb2 h4
52.Rg2 Rh3 53.Rb2 Rf3 54.Rg2 Kb6 55.Rb2 Kc6 56.Rg2 f6 57.exf6 Rxf6 58.Rb2 Rf3
59.Rxb3 Rxb3 60.Kxb3 Kd5 61.Kc3 Ke4 62.Kc4 h3 63.Kc5 Ke3 64.d5 exd5 65.Kxd5 Kf2
66.Ke4 Kg2 67.Ke3 Kxh2 68.Kf2  1/2-1/2

[Event "Open NK"]
[Site "Dieren NED"]
[Date "2007.07.25"]
[Round "2"]
[White "Van Assendelft,F"]
[Black "Nijboer,F"]
[Result "0-1"]
[WhiteElo "2297"]
[BlackElo "2568"]

1.e4 c5 2.Nf3 d6 3.d4 cxd4 4.Nxd4 Nf6 5.Nc3 Nc6 6.Bg5 e6 7.Qd2 a6 8.O-O-O Bd7
9.f3 h6 10.Be3 b5 11.Nxc6 Bxc6 12.Qf2 Qc7 13.Bd3 Be7 14.Qg3 g6 15.Kb1 e5
16.Rhe1 Rc8 17.Qf2 h5 18.Bg5 b4 19.Bxf6 Bxf6 20.Nd5 Bxd5 21.exd5 Kf8 22.Re4 a5
23.Rc4 Qb7 24.Rxc8+ Qxc8 25.Qb6 Qd8 26.Qxd8+ Bxd8 27.a3 bxa3 28.bxa3 h4 29.Kb2 Bg5
30.Kb3 Bf4 31.h3 Kg7 32.Ka4 Rb8 33.Bb5 Kh6 34.Kxa5 Be3 35.c4 Kg5 36.Ka4 Kf4
37.Re1 f5 38.Re2 Bc5 39.Kb3 e4 40.fxe4 fxe4 41.a4 e3 42.a5 Ke4 43.Kc2 Rf8
44.Ba4 Kd4 45.a6 Rf1 46.Be8 Kxc4 47.Bxg6 Ra1 48.Be4 Bd4 49.Bf3 Rxa6 50.Be4 Ra1
51.Bf3 Ra3 52.Be4 Bc5 53.Bf3 Ra8 54.Be4 Kd4 55.Bf3 Bb4 56.Bg4 Bd2 57.Bf3 Rc8+
58.Kb3 Kd3 59.Bg4 Rb8+ 60.Ka4 Rb4+  0-1

[Event "Open NK"]
[Site "Dieren NED"]
[Date "2007.07.26"]
[Round "3"]
[White "Van der Weide,K"]
[Black "Van der Elburg,F"]
[Result "1-0"]
[WhiteElo "2512"]
[BlackElo "2339"]

1.e4 c5 2.Nf3 d6 3.d4 cxd4 4.Nxd4 Nf6 5.Nc3 Nc6 6.Bg5 Bd7 7.Be2 Qa5 8.Bxf6 gxf6
9.O-O Nxd4 10.Qxd4 Rc8 11.Nd5 Qc5 12.Qd2 Qxc2 13.Qe3 Bh6 14.Qxh6 Qxe2 15.Qg7 Rf8
16.Rac1 Rxc1 17.Rxc1 Bc6 18.Nc7+ Kd7 19.Qxf8 Qxe4 20.Qg7 Kxc7 21.Kh1 Qg6
22.Qxg6 fxg6 23.f4 Kd7 24.Kg1 e5 25.fxe5 dxe5 26.Kf2 f5 27.Rc3 Ke6 28.Rh3 h5
29.Rg3 Kf6 30.h4 f4 31.Rg5 e4 32.g3 f3 33.Ke3 a6 34.g4 hxg4 35.Rxg4 Kf7 36.Rg5 Kf6
37.b3 Kf7 38.a3 Kf6 39.a4 Kf7 40.Ra5 Ke6 41.b4 Kd6 42.Rg5 Be8 43.a5 Ke6 44.Rg4 Kf6
45.Rxe4 Bc6 46.Rg4 Kf7 47.Rg5 Kf6 48.Rc5 Ke6 49.b5 Bxb5 50.Kxf3 Kd6 51.Rc3 Ke5
52.Kg4 Bc6 53.Kg5 Kd4 54.Ra3  1-0

[Event "Najdorf Mem GpA"]
[Site "Grodzisk Mazowiecki POL"]
[Date "2007.07.26"]
[Round "7"]
[White "Gluszko,T"]
[Black "Czarnota,D"]
[Result "1-0"]
[WhiteElo "2119"]
[BlackElo "2243"]

1.e4 c5 2.Nf3 Nc6 3.d4 cxd4 4.Nxd4 Nf6 5.Nc3 d6 6.Bg5 Bd7 7.f3 Qa5 8.h4 Rc8
9.Qd2 a6 10.O-O-O h6 11.Be3 b5 12.Kb1 e6 13.g4 b4 14.Nce2 Ne5 15.Ng3 Ba4
16.b3 Bb5 17.Bh3 Nfd7 18.a4 Bxa4 19.f4 Nc6 20.bxa4 Qxa4 21.Nb3 Na5 22.Nxa5 Qxa5
23.Ne2 Nc5 24.Bxc5 Rxc5 25.Nd4 Qc7 26.g5 g6 27.h5 Bg7 28.hxg6 Ra5 29.gxf7+ Qxf7
30.Nb3 Qc7 31.Qxd6  1-0

[Event "Najdorf Mem GpA"]
[Site "Grodzisk Mazowiecki POL"]
[Date "2007.07.26"]
[Round "7"]
[White "Hambardzumian,Y"]
[Black "Czarnota,P"]
[Result "0-1"]
[WhiteElo "2402"]
[BlackElo "2575"]

1.e4 c5 2.Nf3 d6 3.d4 cxd4 4.Nxd4 Nf6 5.Nc3 Nc6 6.Bg5 e6 7.Qd2 a6 8.O-O-O Bd7
9.f4 b5 10.Bxf6 gxf6 11.Kb1 b4 12.Nce2 Qb6 13.Nxc6 Bxc6 14.f5 e5 15.Ng3 h5
16.h4 Qc5 17.Qe2 Ke7 18.Rh3 Rc8 19.Qc4 Bb7 20.Qb3 a5 21.Be2 Bc6 22.Qc4 Qxc4
23.Bxc4 Bh6 24.Be2 Bf4 25.Bf3 Rc7 26.Ne2 Bh6 27.b3 a4 28.Kb2 Bb5 29.Bxh5 Rhc8
30.c4 bxc3+ 31.Nxc3 a3+ 32.Kc2 Bf4 33.Re1 Bd7 34.Rd1 Bc6 35.Re1 d5 36.exd5 Bxd5
37.Rd3 e4 38.Rh3 Be5 39.Ree3 Bd4 40.Be2 Bxe3 41.Rxe3 Kd6 42.Kd2 Ke5 43.g4 Bb7
44.h5 Kf4 45.Rh3 Rd8+ 46.Ke1 e3 47.Nd1 Rc1 48.h6 Bg2  0-1

[Event "Quebec Open"]
[Site "Montreal CAN"]
[Date "2007.07.27"]
[Round "8"]
[White "Nataf,IA"]
[Black "Yoos,J"]
[Result "1/2-1/2"]
[WhiteElo "2588"]
[BlackElo "2369"]

1.e4 c5 2.Nf3 d6 3.d4 cxd4 4.Nxd4 Nf6 5.Nc3 Nc6 6.Bg5 a6 7.Qd2 Qb6 8.Nb3 e6
9.Bxf6 gxf6 10.f4 Bd7 11.O-O-O O-O-O 12.Be2 h5 13.Rhf1 Be8 14.Kb1 Kb8 15.Rf3 Rg8
16.Bf1 Ne7 17.Rd3 f5 18.a3 Bg7 19.e5 d5 20.Ne2 Rc8 21.Nbd4 Ba4 22.Re1 Bf8
23.Nc3 Bd7 24.Nce2 Ba4 25.Qb4 Qxb4 26.axb4 Ng6 27.c3 Bh6 28.Rf3 Bd7 29.Rf2 Ka7
30.Rd1 Kb6 31.g3 h4 32.Nc1 Ne7 33.Rf3 Rg6 34.Bd3 Rcg8 35.Nce2 Nc6 36.Nc2 Ne7
37.Ne3 Bc6 38.Rf2 R6g7 39.Rg1 Ng6 40.Nc2 Nf8 41.Ncd4 Nd7 42.Kc2 Re8 43.Nxc6 Kxc6
44.b5+ axb5 45.Nd4+ Kc7 46.Bxb5 Reg8 47.Bxd7 Kxd7 48.Ne2 Rg6 49.Rff1 Bf8
50.b4 Be7 51.Rd1 Kc6 52.Kb3 hxg3 53.hxg3 Rh6 54.Rh1 Rgh8 55.Rxh6 Rxh6 56.Nd4+ Kb6
57.c4 dxc4+ 58.Kxc4 Rh8 59.Ne2 Kc6 60.Nc3 Rg8 61.Rd3 Rc8 62.b5+ Kc7 63.Na4 Rd8
64.Rc3 Rd5 65.Rc2 Rd1 66.Kb3+ Kb8 67.Nb6 Rb1+ 68.Ka4 Ra1+ 69.Kb3 Rb1+ 70.Ka2 Rxb5
71.Nd7+ Ka7 72.Rc7 Ra5+ 73.Kb2 Rb5+ 74.Ka2 Ra5+ 75.Kb2 Rb5+  1/2-1/2

[Event "Open NK"]
[Site "Dieren NED"]
[Date "2007.07.28"]
[Round "5"]
[White "Schoorl,R"]
[Black "Van Nies,P"]
[Result "1/2-1/2"]
[WhiteElo "2277"]
[BlackElo "2162"]

1.e4 c5 2.Nf3 Nc6 3.d4 cxd4 4.Nxd4 Nf6 5.Nc3 d6 6.Bg5 e6 7.Qd2 a6 8.O-O-O Bd7
9.f4 h6 10.Bh4 g5 11.fxg5 Ng4 12.Be2 Nge5 13.Nf3 Be7 14.Rhg1 b5 15.Rdf1 b4
16.Nd1 hxg5 17.Bxg5 Bxg5 18.Nxg5 Qa5 19.Kb1 b3 20.Qxa5 bxc2+ 21.Kxc2 Nxa5
22.h3 Bb5 23.Kd2 Ke7 24.Nf3 Nac4+ 25.Ke1 Rac8 26.Nxe5 Nxe5 27.Nc3 Rh4 28.Kd2 Bc4
29.Rc1 Rb8 30.b3 Bxe2 31.Kxe2 Nd7 32.Rge1 Nc5 33.Rcd1 Nxe4 34.Nxe4 Rxe4+
35.Kd3 Rh4 36.Rc1 Kd7 37.Rc2 a5 38.Rec1 Rb7 39.Rc4 Rh5 40.Ke3 Re5+  1/2-1/2

[Event "Open NK"]
[Site "Dieren NED"]
[Date "2007.07.28"]
[Round "5"]
[White "Klein,D"]
[Black "Smits,S"]
[Result "1-0"]
[WhiteElo "1935"]
[BlackElo "2131"]

1.e4 c5 2.Nf3 d6 3.d4 cxd4 4.Nxd4 Nf6 5.Nc3 Nc6 6.Bg5 e6 7.Qd2 a6 8.O-O-O Bd7
9.f4 b5 10.Bxf6 gxf6 11.Kb1 Qb6 12.Nf3 Rc8 13.Bd3 b4 14.Ne2 a5 15.g4 Qc5
16.Ng3 a4 17.Nh5 Be7 18.e5 fxe5 19.fxe5 d5 20.Qf4 Rf8 21.Nf6+ Bxf6 22.Qxf6 a3
23.Bxh7 axb2 24.Ng5 Nd8 25.Rhf1 Ra8 26.Qf3 Bb5 27.Bd3 Bxd3 28.Qxd3 Ra3 29.Qd4 Qa5
30.Qxb2 Nc6 31.Rd3 d4 32.Rxa3 bxa3 33.Qb7 Nxe5 34.Nxe6 fxe6 35.Qc8+ Ke7 36.Qxf8+ Kd7
37.Qb8 Nc4 38.Rf7+ Kc6 39.Qb7+ Kd6 40.Rd7+ Ke5 41.Qc7+ Qxc7 42.Rxc7 Ne3 43.h3 Kf4
44.Kc1 e5 45.Rf7+ Kg5 46.Kd2 e4 47.Re7 Kf4 48.Rf7+ Kg5 49.Rd7  1-0

[Event "Quebec Open"]
[Site "Montreal CAN"]
[Date "2007.07.28"]
[Round "9"]
[White "Sandipan,C"]
[Black "Gerzhoy,L"]
[Result "1-0"]
[WhiteElo "2563"]
[BlackElo "2407"]

1.e4 c5 2.Nf3 d6 3.d4 cxd4 4.Nxd4 Nf6 5.Nc3 Nc6 6.Bg5 e6 7.Qd2 Be7 8.O-O-O Qb6
9.Bxf6 Bxf6 10.Nxc6 bxc6 11.Na4 Qb7 12.Qxd6 Be7 13.Qd4 O-O 14.e5 Qc7 15.Bd3 Rb8
16.Qe4 g6 17.a3 c5 18.Bc4 Bb7 19.Qe3 Bc6 20.Nc3 Qb7 21.b3 Bxg2 22.Rhg1 Qf3
23.Rd7 Bh4 24.Kb2 Qxe3 25.fxe3 Bc6 26.Rxa7 Bf2 27.Rd1 Bxe3 28.Rd6 Bg2 29.Rdd7 Rbe8
30.Ne2 Bf1 31.a4 Bxe2 32.Bxe2 Bf4 33.h3 Bxe5+ 34.Kb1 Ra8 35.a5 Rxa7 36.Rxa7 Rd8
37.a6 Rd2 38.Bf3 Rf2 39.Rd7 Rxf3 40.Rd1 Rxh3 41.a7 Kg7 42.a8=Q h5 43.Qa7 Rc3
44.Rf1 Bf6 45.Rxf6 Kxf6 46.Qa1  1-0

[Event "Czech Open GMA"]
[Site "Pardubice CZE"]
[Date "2007.07.28"]
[Round "9"]
[White "Dobrowolski,P"]
[Black "Kryakvin,D"]
[Result "1-0"]
[WhiteElo "2413"]
[BlackElo "2554"]

1.e4 c5 2.Nf3 d6 3.d4 cxd4 4.Nxd4 Nf6 5.Nc3 Nc6 6.Bg5 e6 7.Qd2 a6 8.O-O-O Bd7
9.f4 b5 10.Bxf6 gxf6 11.Nxc6 Bxc6 12.f5 b4 13.Ne2 e5 14.Kb1 Qb6 15.Ng3 h5
16.h4 Qc5 17.Qe2 Ke7 18.Nxh5 Bh6 19.g4 Be3 20.Rh3 Bd4 21.g5 fxg5 22.hxg5 Rac8
23.Qg2 Ba4 24.Bd3 Rhg8 25.f6+ Kd7 26.Ng7 Rc6 27.g6 Rgc8 28.Rh2 Bxb2 29.gxf7 Qe3
30.Qg4+ Kc7 31.Qxc8+ Kxc8 32.f8=Q+ Kb7 33.Ne6 Rc8 34.Qxd6  1-0

[Event "Czech Open GMA"]
[Site "Pardubice CZE"]
[Date "2007.07.28"]
[Round "9"]
[White "Krejci,Jan2"]
[Black "Iskusnyh,S"]
[Result "1/2-1/2"]
[WhiteElo "2315"]
[BlackElo "2488"]

1.e4 c5 2.Nf3 d6 3.d4 cxd4 4.Nxd4 Nf6 5.Nc3 Nc6 6.Bg5 Qb6 7.Nb3 e6 8.Bf4 Ne5
9.Be3 Qc7 10.f4 Nc6 11.g4 a6 12.g5 Nd7 13.Qe2 b5 14.O-O-O b4 15.Na4 Bb7 16.Qf2 Na5
17.Nb6 Nxb3+ 18.axb3 Nxb6 19.Bxb6 Qc6 20.Bd3 Be7 21.h4 a5 22.Bd4 O-O 23.f5 e5
24.f6 exd4 25.fxe7 Rfe8 26.g6 Rxe7 27.gxh7+ Kh8 28.h5 Qc5 29.Kb1 Qe5 30.h6 g6
31.Rhf1 Rf8 32.Bc4 Bxe4 33.Rxd4 f5 34.Rfd1 Rf6 35.Bg8 Rc7 36.R4d2 g5 37.Bd5 Rc5
38.Qg1 Rg6 39.Bf7 f4 40.Bxg6 Bxg6 41.Ka2 a4 42.bxa4 Bxc2 43.Rxd6 b3+ 44.Ka3 Bxd1
45.Qxd1 Rc8 46.Rd5 Qf6 47.Qxb3 f3 48.Qb7 Rf8 49.Qg7+ Qxg7 50.hxg7+ Kxg7 51.Rxg5+ Kxh7
52.Rg1 f2 53.Rf1 Rf3+ 54.b3 Kg7 55.a5 Kf7 56.Ka4 Ke7 57.a6 Rf8 58.Ka5 Kd7
59.Kb6 Rb8+ 60.Ka7 Rxb3 61.Rxf2 Kc7 62.Rf7+ Kc8 63.Rb7 Ra3 64.Rb5 Rc3 65.Rf5 Rc1
66.Kb6 Rb1+ 67.Rb5  1/2-1/2

[Event "Siberia B"]
[Site "Novosibirsk RUS"]
[Date "2007.07.29"]
[Round "11"]
[White "Botvinkov,A"]
[Black "Danilyuk,O"]
[Result "1/2-1/2"]
[WhiteElo "2221"]
[BlackElo "2075"]

1.e4 c5 2.Nf3 Nc6 3.d4 cxd4 4.Nxd4 Nf6 5.Nc3 d6 6.Bg5 Bd7 7.Nb3 e6 8.f4 Be7
9.Bxf6 gxf6 10.Qh5 Qb6 11.Qf3 a5 12.a4 Nb4 13.O-O-O Rc8 14.Nd4 f5 15.exf5 Bf6
16.fxe6 fxe6 17.Qe3 O-O 18.Bb5 e5 19.fxe5 dxe5 20.Bxd7 exd4 21.Qe6+ Qxe6
22.Bxe6+ Kg7 23.Bxc8 Rxc8 24.Ne4 Rxc2+ 25.Kb1 Be5 26.Rd2 d3 27.g3 Kf7 28.Rc1 Rxc1+
29.Kxc1 Bd4 30.Kd1 Be3 31.Nf2 Bxd2 32.Kxd2 Kf6 33.Nxd3 Nd5 34.Nc5 b6 35.Ne4+ Kf5
36.Kd3 Nb4+ 37.Ke3 Nc2+ 38.Kd3 Nb4+ 39.Kd4 Nc2+ 40.Kd3 Nb4+ 41.Ke3 Nc2+ 42.Kf3 Nd4+
43.Ke3 Nc2+  1/2-1/2

[Event "Open NK"]
[Site "Dieren NED"]
[Date "2007.07.30"]
[Round "6"]
[White "Kleijn,C"]
[Black "Bensdorp,L"]
[Result "1-0"]
[WhiteElo "2194"]
[BlackElo "2119"]

1.e4 c5 2.Nf3 d6 3.d4 cxd4 4.Nxd4 Nf6 5.Nc3 Nc6 6.Bg5 e6 7.Qd3 a6 8.O-O-O Be7
9.f4 Qc7 10.Be2 Nxd4 11.Qxd4 Qc5 12.Qxc5 dxc5 13.e5 Nd7 14.Bxe7 Kxe7 15.Bf3 Rb8
16.h4 b6 17.Bc6 Nf8 18.h5 h6 19.Ne4 Bd7 20.Rd6 Bxc6 21.Rxc6 Nd7 22.Nd6 Rhd8
23.Rc7 f6 24.Rd1 Ra8 25.f5 fxe5 26.fxe6 Kxe6 27.Nb7 Rac8 28.Rc6+ Ke7 29.Nxd8 Rxd8
30.Rg6 Rg8 31.Rdd6 Rf8 32.Rde6+ Kf7 33.Rc6 Rd8 34.Rc7 Kf8 35.c3 a5 36.a4 e4
37.Rg4 e3 38.Re4 Re8 39.Rxe8+ Kxe8 40.Kd1 Ke7 41.Ke2 Kd6 42.Ra7 Nf6 43.Rxg7 Nxh5
44.Rg6+ Ke5 45.Kxe3 Nf6 46.Kf3 h5 47.Rg5+ Ke6 48.Kf4 Kf7 49.Ke5  1-0

[Event "12th Open"]
[Site "Creon FRA"]
[Date "2007.07.31"]
[Round "2"]
[White "Galloux,M"]
[Black "Ramaswamy,A"]
[Result "0-1"]
[WhiteElo "2039"]
[BlackElo "2281"]

1.e4 c5 2.Nf3 Nc6 3.d4 cxd4 4.Nxd4 Nf6 5.Nc3 d6 6.Bg5 e6 7.Qd2 Be7 8.O-O-O Nxd4
9.Qxd4 O-O 10.f3 a6 11.h4 Qa5 12.Kb1 b5 13.Qf2 Qc7 14.g4 Bb7 15.Be3 b4 16.Na4 Nd7
17.Nb6 Nxb6 18.Bxb6 Qc6 19.g5 a5 20.Bh3 a4 21.b3 Ra6 22.Bd4 e5 23.Ba1 Rfa8
24.Rd2 Ra5 25.Rhd1 Ba6 26.Bf1 Bxf1 27.Qxf1 Rc5 28.Qe2 Rc8 29.Qd3 axb3 30.Qxb3 Qc7
31.Bb2 Rb8 32.Ka1 Rc3 33.Qa4 Qb7 34.Rd5 Rxf3  0-1

[Event "US Open"]
[Site "Cherry Hill USA"]
[Date "2007.08.01"]
[Round "5"]
[White "Kudrin,S"]
[Black "Coleman,M"]
[Result "1-0"]
[WhiteElo "2543"]
[BlackElo "2201"]

1.e4 c5 2.Nf3 Nc6 3.d4 cxd4 4.Nxd4 Nf6 5.Nc3 d6 6.Bg5 e6 7.Qd2 a6 8.O-O-O h6
9.Nxc6 bxc6 10.Bf4 d5 11.Qe3 Be7 12.Be2 Qa5 13.Qg3 dxe4 14.Qxg7 Rg8 15.Qxh6 Rg6
16.Qh4 e5 17.Bd2 Be6 18.b3 Rb8 19.Kb1 Bb4 20.Qh8+ Rg8 21.Qxf6 Bxc3 22.Bc4  1-0

[Event "Open NK"]
[Site "Dieren NED"]
[Date "2007.08.02"]
[Round "9"]
[White "Van Assendelft,F"]
[Black "Van der Elburg,F"]
[Result "1/2-1/2"]
[WhiteElo "2297"]
[BlackElo "2339"]

1.e4 c5 2.Nf3 d6 3.d4 cxd4 4.Nxd4 Nf6 5.Nc3 Nc6 6.Bg5 Bd7 7.Qd2 h6 8.Bxf6 gxf6
9.O-O-O Nxd4 10.Qxd4 Qa5 11.f4 Rc8 12.Kb1 Qc5 13.Qd2 Bg7 14.f5 h5 15.Qe1 Bh6
16.Bb5 Bxb5 17.Rd5 Qc6 18.Rxb5 Bf4 19.Qe2 Be5 20.Rb3 a6 21.Nd5 b5 22.Nb4 Qc4
23.Nd3 a5 24.Re1 Bd4 25.c3 Ba7 26.Nf4 Rb8 27.Qxc4 bxc4 28.Rxb8+ Bxb8 29.Re3 Rg8
30.Rg3 Rxg3 31.hxg3 Kd7 32.Kc2 Ba7 33.Kd2 a4 34.Ke2 Bb6 35.Nd5 Bd8 36.Ne3 Kc6
37.Nxc4 d5 38.Nd2 dxe4 39.Nxe4 Kd5 40.Kf3 Kc4 41.Ke2 Bc7 42.Nd2+ Kd5 43.Kf3 Bb6
44.b3 axb3 45.axb3 Bc7 46.Nc4  1/2-1/2

[Event "Valoz Cup GMA"]
[Site "Olomouc CZE"]
[Date "2007.08.02"]
[Round "2"]
[White "Ismagambetov,An"]
[Black "Can,E"]
[Result "0-1"]
[WhiteElo "2479"]
[BlackElo "2411"]

1.e4 c5 2.Nf3 Nc6 3.d4 cxd4 4.Nxd4 Nf6 5.Nc3 d6 6.Bg5 e6 7.Qd2 Be7 8.O-O-O O-O
9.f4 Nxd4 10.Qxd4 Qa5 11.Kb1 h6 12.h4 Rd8 13.Qd2 Bd7 14.Bd3 Rac8 15.Qe1 Rc5
16.f5 exf5 17.Bd2 Qc7 18.exf5 Bxf5 19.Bxf5 Rxf5 20.g4 Re5 21.Qg3 Ne4 22.Nxe4 Rxe4
23.g5 h5 24.Bc3 Rg4 25.Qf2 d5 26.Bd4 b6 27.Qf3 Bc5 28.Bxc5 Qxc5 29.Rhf1 Rd7
30.Rde1 Qc8 31.Re5 Rxh4 32.Rfe1 Rd8 33.Re7 Rf8 34.Qxd5 Qc4 35.Qe5 Qf4 36.Qd5 Qd4
37.Qf3 Rg4 38.Re8 Qd6 39.Rxf8+ Qxf8 40.Qf5 Qe7 41.Qc8+ Kh7 42.Qf5+ g6 43.Qf2 Rf4
44.Qg3 Re4 45.Rf1 Rg4 46.Qb3 Rf4 47.Rd1 Qxg5 48.a3 Qf5 49.Rd6 h4 50.Qc3 Re4
51.Rf6 Qd5 52.b3 Kg8 53.Rf1 Qe5 54.Qd2 Kg7 55.Qf2 Qe6 56.a4 h3 57.Qg3 Re3
58.Qf2 Re2 59.Qd4+ Qe5 60.Qh4 h2  0-1

[Event "Tsiolkovsky Mem"]
[Site "Kaluga RUS"]
[Date "2007.08.04"]
[Round "2"]
[White "Voitsekhovsky,S"]
[Black "Kozlov,Vladimir"]
[Result "0-1"]
[WhiteElo "2506"]
[BlackElo "2094"]

1.e4 c5 2.Nf3 d6 3.d4 cxd4 4.Nxd4 Nf6 5.Nc3 Nc6 6.Bg5 e6 7.Qd2 a6 8.O-O-O Be7
9.f4 Nxd4 10.Qxd4 b5 11.Bxf6 gxf6 12.e5 d5 13.f5 fxe5 14.Qxe5 Bf6 15.Qg3 Qe7
16.Nxd5 exd5 17.Re1 Be6 18.fxe6 fxe6 19.Qh3 e5 20.Rd1 Rd8 21.Qb3 Qf7 22.g3 O-O
23.Bh3 Kh8 24.Rhf1 e4 25.Bf5 Qg7 26.g4 a5 27.a3 a4 28.Qb4 e3 29.Rfe1 d4 30.Bd3 Rb8
31.Rf1 Be7 32.Rxf8+ Bxf8 33.Qa5 b4 34.Qxa4 bxa3 35.bxa3 e2 36.Bxe2 Qe5 37.Kd2 Qe3+
38.Ke1 Qg1+ 39.Bf1 Bb4+ 40.axb4 Rf8 41.Rxd4 Rxf1+ 42.Ke2 Qf2+  0-1

[Event "ch-ISL"]
[Site "Reykjavik ISL"]
[Date "2007.08.04"]
[Round "7"]
[White "Thorhallsson,T"]
[Black "Gretarsson,Hj"]
[Result "1/2-1/2"]
[WhiteElo "2461"]
[BlackElo "2168"]

1.e4 c5 2.Nf3 Nc6 3.d4 cxd4 4.Nxd4 Nf6 5.Nc3 d6 6.Bg5 e6 7.Qd2 a6 8.O-O-O h6
9.Be3 Be7 10.f4 Nxd4 11.Bxd4 b5 12.Bd3 Bb7 13.a3 O-O 14.Kb1 Qc7 15.Qf2 Rac8
16.Rhf1 Nd7 17.Qg3 Bf6 18.Bxf6 Nxf6 19.Qh4 d5 20.e5 Ne4 21.Bxe4 dxe4 22.Qf2 Qe7
23.Rd6 Rc7 24.Rfd1 Rfc8 25.Qe3 Rxc3 26.bxc3 Qc7 27.Rd7 Qb8 28.Qb6 Bd5 29.Qxb8 Rxb8
30.Rc7 Rf8 31.f5 Bc4 32.g4 exf5 33.gxf5 Re8 34.Rc5 e3 35.Re1 e2 36.Kc1 Rd8
37.e6 fxe6 38.fxe6 Re8 39.Rxc4 bxc4 40.Rxe2 Kf8 41.Re4 g5 42.Kd2 Kg7 43.Ke3 Kf6
44.Rxc4 Rxe6+ 45.Kf3 Kg6 46.Rd4 h5 47.h3 Kf5 48.c4 Re5 49.a4 a5 50.Rd5 Ke6
51.Rb5 Kd6 52.Kf2 Rc5 53.Ke3 Rxc4 54.Rxg5 Rxc2 55.Rxh5 Rc4 56.Rxa5 Rc3+ 57.Kd4 Rxh3
58.Ra6+ Kc7 59.Re6 Rh4+ 60.Kc5 Rxa4 61.Re7+ Kd8  1/2-1/2

[Event "XVIII Kochan Mem"]
[Site "Koszalin POL"]
[Date "2007.08.05"]
[Round "1"]
[White "Palosz,A"]
[Black "Shishkin,Va UKR"]
[Result "0-1"]
[WhiteElo "2153"]
[BlackElo "2543"]

1.e4 c5 2.Nf3 Nc6 3.d4 cxd4 4.Nxd4 Nf6 5.Nc3 d6 6.Bg5 Qb6 7.Nb3 e6 8.Be3 Qc7
9.Be2 Be7 10.O-O O-O 11.f4 b6 12.Bf3 Ba6 13.Rf2 Rfd8 14.Qe1 Rab8 15.Rd1 b5
16.a3 b4 17.axb4 Nxb4 18.Ra1 Nd7 19.Ra4 Nc5 20.Nxc5 dxc5 21.Qa1 Bb7 22.Rxa7 Nc6
23.Ra4 Nd4 24.b3 Bc6 25.Ra7 Rb7 26.Rxb7 Qxb7 27.e5 Bxf3 28.gxf3 Nxf3+ 29.Kf1 Nxe5
30.Ke2 Ng4 31.Rf3 Nxe3 32.Kxe3 Bf6 33.Qa5 Qd7  0-1

[Event "12th WY U16 Ol"]
[Site "Singapore SIN"]
[Date "2007.08.06"]
[Round "3"]
[White "Chan Wei Xuan,T"]
[Black "Ton That Nhu Tung"]
[Result "0-1"]
[WhiteElo "2245"]
[BlackElo "2247"]

1.e4 c5 2.Nf3 d6 3.d4 cxd4 4.Nxd4 Nf6 5.Nc3 Nc6 6.Bg5 Bd7 7.Qd2 Rc8 8.O-O-O Nxd4
9.Qxd4 Qa5 10.Be3 a6 11.Bc4 Ng4 12.Bb3 Nxe3 13.Qxe3 e6 14.f4 Be7 15.g4 Qc5
16.Qf3 b5 17.Rhf1 O-O 18.e5 Bc6 19.Qh3 dxe5 20.f5 b4 21.Na4 Qa5 22.fxe6 Bxa4
23.exf7+ Kh8 24.Rd5 Rc5 25.Rxc5 Bxc5 26.g5 Bxb3 27.g6 h6 28.Qxb3 Qb6 29.Qg3 Qe6
30.Re1 Bd4 31.Kb1 a5 32.Qd3 Qb6 33.Qe4 a4 34.Rf1 Qc5 35.Rf3 Qc4 36.Rd3 Rc8
37.Rf3 Rf8 38.Rd3 a3 39.b3 Qc5 40.Rg3 Qe7 41.Qd3 Qh4 42.Qd2 Qf6 43.Qd3 Qf2
44.Qd1 Qxh2 45.Rg4 Qh3 46.Kc1 Qe3+ 47.Qd2 Bb2+ 48.Kd1 Qf3+  0-1

[Event "12th WY U16 Ol"]
[Site "Singapore SIN"]
[Date "2007.08.06"]
[Round "3"]
[White "Yilmazyerli,M"]
[Black "Pak,E"]
[Result "1/2-1/2"]
[WhiteElo "2071"]
[BlackElo "2203"]

1.e4 c5 2.Nf3 d6 3.d4 cxd4 4.Nxd4 Nf6 5.Nc3 Nc6 6.Bg5 e6 7.Qd2 a6 8.O-O-O h6
9.Bf4 Bd7 10.Nxc6 Bxc6 11.f3 d5 12.Qe1 b5 13.exd5 Bxd5 14.Be5 Bb4 15.Bxf6 gxf6
16.Rd4  1/2-1/2

[Event "KRK WGM"]
[Site "Dobrinj CRO"]
[Date "2007.08.07"]
[Round "4"]
[White "Ionica,I"]
[Black "Solic,K"]
[Result "1/2-1/2"]
[WhiteElo "2261"]
[BlackElo "2154"]

1.e4 c5 2.Nf3 d6 3.d4 cxd4 4.Nxd4 Nf6 5.Nc3 Nc6 6.Bg5 e6 7.Qd2 Be7 8.O-O-O Nxd4
9.Qxd4 O-O 10.f4 Qa5 11.Kb1 Rd8 12.Be2 h6 13.h4 e5 14.Qd3 exf4 15.Bxf4 Be6
16.Nd5 Bxd5 17.exd5 Rac8 18.g4 Qb4 19.Bd2 Qe4 20.g5 Qxd3 21.Bxd3 Ng4 22.Rdf1 h5
23.g6 fxg6 24.Bxg6 Ne5 25.Bf5 Rc4 26.Be1 Kh8 27.c3 Rf8 28.b3 Rc7 29.Be6 Nf3
30.c4 Nxe1 31.Rxf8+ Bxf8 32.Rxe1 Be7 33.Rh1 Bf6 34.Kc2 b5 35.Kd3 bxc4+ 36.bxc4 Rb7
37.Bf5 Kg8 38.Bg6 Rb2 39.Re1 Rb8 40.Re4 Rc8 41.Bxh5 Be5 42.Bg6 Rc5 43.Re2 Ra5
44.Rc2 Kf8 45.Ke4 Ra4 46.h5 Ke7 47.Kd3 Ra3+ 48.Kd2 Rh3 49.Kd1 Rh1+ 50.Ke2 Rh2+
51.Ke3 Rxc2 52.Bxc2 Bc3 53.Ke4 Kf6 54.Bb3 Bb4  1/2-1/2

[Event "Open"]
[Site "Kavala GRE"]
[Date "2007.08.07"]
[Round "4"]
[White "Kolev,At1"]
[Black "Sanikidze,T"]
[Result "1-0"]
[WhiteElo "2569"]
[BlackElo "2427"]

1.e4 c5 2.Nf3 d6 3.d4 cxd4 4.Nxd4 Nf6 5.Nc3 Nc6 6.Bg5 e6 7.Qd2 Be7 8.O-O-O Nxd4
9.Qxd4 O-O 10.f4 Qa5 11.Bc4 Bd7 12.e5 dxe5 13.fxe5 Bc6 14.Bd2 Nd7 15.Nd5 Qd8
16.Nxe7+ Qxe7 17.Rhe1 Nb6 18.Bf1 Rfd8 19.Qg4 Rac8 20.Kb1 Ba4 21.b3 Qc7 22.c4 Bc6
23.Qg3 Rd4 24.Bb4 Be4+ 25.Kb2 Rxd1 26.Rxd1 Rd8 27.Rd6 Bg6 28.Qe3 Nc8 29.Rxd8+ Qxd8
30.Be2 h6 31.g3 b6 32.Bf3 Ne7 33.Qd2 Qxd2+ 34.Bxd2 Kf8 35.Be3 Ke8 36.c5 b5
37.c6 Kd8 38.Bc5 Nd5 39.Be2 a6 40.a4 bxa4 41.bxa4 a5 42.Bf8 Kc7 43.Bb5 h5
44.Kb3 f5 45.Kc4 Kb6 46.Bc5+ Kc7 47.Bd6+ Kb6 48.Kd4 Bf7 49.h4 Bg6 50.Bf8 Bf7
51.Bxg7 Be8 52.Bf6 Kc7 53.Kc5 Nc3 54.Bc4 Ne4+ 55.Kb5 Bxc6+ 56.Kxa5 Bd7 57.Kb4 Nxg3
58.Bg5 Ne4 59.Be3 Bc8 60.a5 Kc6 61.a6 Bxa6 62.Bxa6 Kd5 63.Bf4 Nf2 64.Bg3 Ng4
65.Kc3 Ke4 66.Kd2 f4 67.Bb7+ Kxe5 68.Be1 Kd4 69.Bf3 e5 70.Bxg4 hxg4 71.h5 g3
72.h6 e4 73.h7  1-0

[Event "XVIII Kochan Mem"]
[Site "Koszalin POL"]
[Date "2007.08.07"]
[Round "3"]
[White "Brzeski,M"]
[Black "Shishkin,Va UKR"]
[Result "1-0"]
[WhiteElo "2356"]
[BlackElo "2543"]

1.e4 c5 2.Nf3 Nc6 3.d4 cxd4 4.Nxd4 Nf6 5.Nc3 d6 6.Bg5 Qb6 7.Be3 a6 8.Qd2 Qxb2
9.Rb1 Qa3 10.Nxc6 bxc6 11.Bc4 e6 12.O-O Be7 13.Rfd1 Nd7 14.Rb3 Qa5 15.Bf4 Nc5
16.Rbb1 e5 17.Be3 Bg4 18.f3 Be6 19.Bxe6 fxe6 20.Kh1 d5 21.Nxd5 Qxd2 22.Nc7+ Kd7
23.Nxa8 Qxd1+ 24.Rxd1+ Kc8 25.Nb6+ Kc7 26.Nc4 Rb8 27.Bd2 Nd7 28.a4 Bb4 29.Bc1 Bc5
30.Bd2 Bb4 31.c3 Bc5 32.h4 Rb3 33.Be1 Be7 34.g4 g6 35.Kg2 Kc8 36.Nd6+ Kc7
37.Ne8+ Kc8 38.Nd6+ Kc7 39.Nc4 Kc8 40.Kf1 Bc5 41.Ke2 Nb6 42.Kd3 Nxa4 43.Kc2 Rb5
44.Ra1 Nb6 45.Nxe5 Bd6 46.Nxc6 Nc4 47.Ra2 Na3+ 48.Kd3 Rb1 49.Bd2 Kd7 50.Nb4 Bxb4
51.cxb4 Rb3+ 52.Ke2 Nb5 53.Kf2 Nc7 54.Ra5 Rb2 55.Ke3 Kd6 56.Bc3 Rb3 57.Kd3 Nb5
58.Rxa6+ Kd7 59.Kc4 Rxc3+ 60.Kxb5 Rxf3 61.e5 Re3 62.Ra7+ Kd8 63.Kc6 Rxe5
64.b5 Re4 65.Ra8+ Ke7 66.b6 Rc4+ 67.Kb5 Rxg4 68.b7 Rg1 69.b8=Q  1-0

[Event "ch-ISL"]
[Site "Reykjavik ISL"]
[Date "2007.08.07"]
[Round "10"]
[White "Gunnarsson,J"]
[Black "Gretarsson,Hj"]
[Result "1/2-1/2"]
[WhiteElo "2427"]
[BlackElo "2168"]

1.e4 c5 2.Nf3 Nc6 3.d4 cxd4 4.Nxd4 Nf6 5.Nc3 d6 6.Bg5 e6 7.Qd2 a6 8.O-O-O h6
9.Nxc6 bxc6 10.Bf4 d5 11.Qe3 Qa5 12.Be2 Bb7 13.Kb1 O-O-O 14.exd5 cxd5 15.Be5 Nd7
16.Bd4 Bc5 17.f4 g5 18.g3 gxf4 19.gxf4 Bxd4 20.Rxd4 Rhg8 21.Rhd1 Kb8 22.Bh5 Rg7
23.Bf3 Rc8 24.Nxd5 exd5 25.Bxd5 Nf6 26.Bxb7 Kxb7 27.Qb3+ Ka7 28.Rd6 Ne8 29.Rxh6 Qc5
30.a3 Nc7 31.f5 Rb8 32.Qd3 Nb5 33.Ka2 Rg2 34.Rc1 Rb7 35.Rh4 Rf2 36.Rc4 Qe5
37.Re4 Qc5 38.Rc4 Qd6 39.Qe3+ Qb6 40.Qe5 f6 41.Qc5 Rxf5 42.Qxb6+ Kxb6 43.a4 Nd6
44.Rd4 Nf7 45.h4 Ne5 46.Rh1 Kc5 47.Rd8 Nc6 48.Rd2 Rh7 49.Rh3 Nb4+ 50.Ka3 Nd5
51.b4+ Kc4 52.c3 Rf4 53.h5 Rh6 54.Kb2 a5 55.bxa5 Nc7 56.Rd6 Kc5 57.Rd7 Kc6
58.Rg7 Rxa4 59.Rg6 Rxg6 60.hxg6 Rxa5 61.Rg3 Ra8 62.Rf3 Ne8 63.g7 Rb8+ 64.Kc2 Nxg7
65.Rxf6+ Kd5 66.Rf4 Ne6 67.Rh4 Rg8 68.Rh5+ Kc4 69.Rh4+ Kb5 70.Rb4+ Kc5 71.Rh4 Nc7
72.Ra4 Nb5 73.Rh4 Rg5 74.Rh3 Rg4 75.Kd3 Nc7 76.Rh8 Rg3+ 77.Kd2 Kc4 78.Rh4+ Kb3
79.Rb4+ Ka3 80.Rc4 Nd5 81.Rc5 Nb6 82.Rc6 Na4 83.Rc7 Rg2+ 84.Kd3 Nb2+ 85.Kd4 Rg4+
86.Kd5 Kb3 87.Rb7+ Kxc3 88.Rh7 Rd4+ 89.Ke5 Nd3+ 90.Kf5 Kc4 91.Ra7 Nc5 92.Re7 Rd1
93.Re2 Kd5 94.Re5+ Kd6 95.Re2 Rf1+ 96.Kg4 Kd5 97.Rd2+ Ke5 98.Rd8 Rf4+ 99.Kg3 Ne4+
100.Kg2 Rf2+ 101.Kg1 Ra2 102.Rf8 Nf6 103.Kf1 Ng4 104.Ke1 Ke4 105.Re8+ Ne5
106.Kd1 Kd4 107.Ke1 Nf3+ 108.Kf1 Kd3 109.Re3+  1/2-1/2